Las pistas de Nazca
I tiakina i:
| Kaituhi matua: | |
|---|---|
| Hōputu: | Pukapuka |
| Reo: | Pāniora |
| I whakaputaina: |
Ciudad de México
Diana
1981
|
| Ngā marau: | |
| Ngā Tūtohu: |
Tāpirihia he Tūtohu
Kāore He Tūtohu, Me noho koe te mea tuatahi ki te tūtohu i tēnei pūkete!
|
MARC
| LEADER | 00000nam a2200000 a 4500 | ||
|---|---|---|---|
| 001 | UCV7821 | ||
| 003 | CL-VaPUC | ||
| 008 | 891023e19810000MX |||||||||||||||||spa|d | ||
| 082 | 0 | 4 | |a 930.102 |b WAI |2 21 |
| 100 | 0 | |a Waisbard, Simone |e author |9 301938 | |
| 245 | 1 | 4 | |a Las pistas de Nazca |
| 300 | |a 316 p | ||
| 942 | |c BK | ||
| 945 | |d 19891023 00:00:00 | ||
| 260 | |a Ciudad de México |b Diana |c 1981 | ||
| 650 | 0 | |a Arqueología |9 265619 | |
| 651 | 0 | |a Perú |9 256567 | |
| 651 | 7 | |a NAZCA, SITIO PERU |2 CL-VaPUC |9 265620 | |
| 583 | |a last modification |c 19891023 00:00:00 |k Rodrigo Vera | ||
| 999 | |c 213440 |d 213438 | ||
| 952 | |0 0 |1 0 |4 0 |6 930_102000000000000_WAI_1981 |7 0 |8 A |9 195809 |a BIBARQ |b BIBARQ |d 2019-11-14 |i 2638088 |o 930.102 WAI 1981 |p 2638088 |r 2025-01-20 |w 2019-11-14 |y BK |k ARQ | ||